[Event "LSS No Engine Cup 199 Preliminary 0"]
[Site "LSS email"]
[Date "2020.02.11"]
[Round "?"]
[White "Schnoewitz, Brigitte"]
[Black "Urbelz, Ignacio"]
[Result "0-1"]
[WhiteElo "1269"]
[BlackElo "1964"]
[PlyCount "46"]
[EventDate "2020.02.11"]
[EventType "tourn (corr)"]
[EventRounds "6"]
[EventCountry "GER"]
[SourceTitle "Corr 2022"]
[Source "ChessBase"]
[SourceDate "2021.10.24"]
[SourceVersion "1"]
[SourceVersionDate "2021.10.24"]
[SourceQuality "1"]

1. d4 f5 2. Bf4 Nf6 3. h3 e6 4. Nf3 d5 5. e3 Bd6 6. Bxd6 cxd6 7. Be2 0-0 8. Nbd2 Nbd7 9. 0-0 e5 10. dxe5 dxe5 11. c4 e4 12. Nd4 Ne5 13. cxd5 Qxd5 14. b3 Bd7 15. Nc4 Rfd8 16. Qc2 Rac8 17. Qb2 Nd3 18. Bxd3 exd3 19. Rad1 b5 20. Na3 f4 21. Rxd3 f3 22. g3 Bxh3 23. Naxb5 Qh5 0-1

[Event "LSS No Engine Cup 199 Preliminary 0"]
[Site "LSS email"]
[Date "2020.02.11"]
[Round "?"]
[White "Urbelz, Ignacio"]
[Black "MacDonald, Rob"]
[Result "1/2-1/2"]
[WhiteElo "1964"]
[BlackElo "1710"]
[PlyCount "67"]
[EventDate "2020.02.11"]
[EventType "tourn (corr)"]
[EventRounds "6"]
[EventCountry "GER"]
[SourceTitle "Corr 2022"]
[Source "ChessBase"]
[SourceDate "2021.10.24"]
[SourceVersion "1"]
[SourceVersionDate "2021.10.24"]
[SourceQuality "1"]

1. e4 c5 2. Nc3 Nc6 3. Bb5 g6 4. Bxc6 dxc6 5. f4 Bg7 6. d3 Nf6 7. Nf3 c4 8. 0-0 0-0 9. Qe2 Bg4 10. h3 cxd3 11. cxd3 Bxf3 12. Qxf3 Qb6+ 13. Rf2 Ne8 14. Be3 Bd4 15. Re1 Qc5 16. Bxd4 Qxd4 17. Kh2 Rd8 18. Rd1 e6 19. Rfd2 f5 20. Ne2 Qb6 21. e5 Rd7 22. d4 Nc7 23. Nc3 Rfd8 24. Qf2 Qa6 25. a3 Qc4 26. Qg3 Nd5 27. Nxd5 Rxd5 28. b3 Qb5 29. h4 c5 30. h5 Qe8 31. Qf2 Rxd4 32. hxg6 hxg6 33. Rxd4 cxd4 34. Rxd4 1/2-1/2

[Event "LSS No Engine Cup 149 Final"]
[Site "LSS email"]
[Date "2016.11.21"]
[Round "?"]
[White "Urbelz, Ignacio"]
[Black "Mostowik, Pawel"]
[Result "1/2-1/2"]
[WhiteElo "2051"]
[BlackElo "2123"]
[PlyCount "69"]
[EventDate "2016.11.22"]
[EventType "tourn (corr)"]
[EventRounds "6"]
[EventCountry "GER"]
[SourceTitle "Corr 2022"]
[Source "ChessBase"]
[SourceDate "2021.10.24"]
[SourceVersion "1"]
[SourceVersionDate "2021.10.24"]
[SourceQuality "1"]

1. e4 e5 2. Nf3 Nc6 3. Bb5 Nf6 4. 0-0 Nxe4 5. Re1 Nd6 6. Nxe5 Be7 7. Bf1 0-0 8. d4 Nf5 9. Nf3 d5 10. c3 Bd6 11. Nbd2 Qf6 12. b4 h6 13. g3 Be6 14. a4 Nfe7 15. a5 a6 16. Nh4 Rfe8 17. Nb3 Na7 18. Ng2 Bh3 19. Qh5 Qf5 20. Qxf5 Nxf5 21. Bd2 g5 22. Bd3 f6 23. f3 Kf7 24. Kf2 Nc6 25. Rxe8 Rxe8 26. Nc5 Nd8 27. Ne3 Nxe3 28. Bxe3 Bc8 29. c4 Nc6 30. Rb1 dxc4 31. Bxc4+ Kf8 32. Bd3 Bxc5 33. dxc5 Ne5 34. Be2 Rd8 35. h4 1/2-1/2

[Event "LSS No Engine Cup 144 Final"]
[Site "LSS email"]
[Date "2016.09.18"]
[Round "?"]
[White "Van Bommel, Ton"]
[Black "Urbelz, Ignacio"]
[Result "1/2-1/2"]
[WhiteElo "2349"]
[BlackElo "2028"]
[PlyCount "110"]
[EventDate "2016.09.19"]
[EventType "tourn (corr)"]
[EventRounds "6"]
[EventCountry "GER"]
[SourceTitle "Corr 2022"]
[Source "ChessBase"]
[SourceDate "2021.10.24"]
[SourceVersion "1"]
[SourceVersionDate "2021.10.24"]
[SourceQuality "1"]

1. e4 c6 2. d4 d5 3. e5 Bf5 4. Nf3 e6 5. Be2 Ne7 6. 0-0 Nd7 7. Nbd2 h6 8. Nb3 Bh7 9. Bd2 Ng6 10. c4 dxc4 11. Bxc4 Be7 12. a4 0-0 13. a5 c5 14. Qe2 cxd4 15. Bd3 Rc8 16. a6 bxa6 17. Nbxd4 Ndxe5 18. Nxe5 Qxd4 19. Nxg6 Bxg6 20. Bxg6 fxg6 21. Qxe6+ Kh7 22. Bxh6 gxh6 23. Qxe7+ Qg7 24. Qxg7+ Kxg7 25. Rxa6 Rf7 26. Rfa1 Rc2 27. Rxa7 Rxb2 28. Rxf7+ Kxf7 29. Ra7+ Kf6 30. Ra6+ Kg5 31. Ra5+ Kg4 32. h3+ Kh4 33. Ra4+ Kg5 34. h4+ Kf6 35. g4 h5 36. g5+ Kf5 37. Rc4 Rb6 38. Kf1 Re6 39. Kg2 Ra6 40. Rb4 Re6 41. Kf3 Rc6 42. Rb5+ Ke6 43. Rb8 Rc3+ 44. Kg2 Rc6 45. Rb5 Rd6 46. Kg3 Rd3+ 47. f3 Rd6 48. Rb3 Kf5 49. Rb2 Ke6 50. Rc2 Rb6 51. Rc5 Ra6 52. Rc7 Kf5 53. Rc8 Ke6 54. Rd8 Rc6 55. Rb8 Ra6 1/2-1/2

[Event "LSS No Engine Cup 145 Final"]
[Site "LSS email"]
[Date "2016.09.05"]
[Round "?"]
[White "Cole, Steve"]
[Black "Urbelz, Ignacio"]
[Result "1/2-1/2"]
[WhiteElo "1771"]
[BlackElo "2027"]
[PlyCount "79"]
[EventDate "2016.09.06"]
[EventType "tourn (corr)"]
[EventRounds "6"]
[EventCountry "GER"]
[SourceTitle "Corr 2022"]
[Source "ChessBase"]
[SourceDate "2021.10.24"]
[SourceVersion "1"]
[SourceVersionDate "2021.10.24"]
[SourceQuality "1"]

1. e4 c6 2. d4 d5 3. exd5 cxd5 4. c4 Nf6 5. Nc3 Nc6 6. Bg5 e6 7. Nf3 Be7 8. c5 0-0 9. Bb5 Ne4 10. Bxe7 Nxe7 11. Rc1 b6 12. c6 Nd6 13. a4 a6 14. Bd3 Nxc6 15. Qb3 Bb7 16. 0-0 Rc8 17. Rfe1 Re8 18. Qc2 Qf6 19. Rcd1 h6 20. Qe2 Na5 21. Bxa6 Bxa6 22. Qxa6 Ndc4 23. Qb5 Qd8 24. b3 Na3 25. Qd3 Re7 26. b4 N5c4 27. Ne2 Ra8 28. Qb3 Qe8 29. Nc3 Rea7 30. Ra1 Rxa4 31. Nxa4 Qxa4 32. Qxa4 Rxa4 33. Ne5 Rxb4 34. Nxc4 Nxc4 35. Reb1 Rxb1+ 36. Rxb1 g5 37. f3 Kg7 38. Kf2 h5 39. g3 Kg6 40. Ke2 1/2-1/2

[Event "LSS No Engine Cup 145 Final"]
[Site "LSS email"]
[Date "2016.09.05"]
[Round "?"]
[White "Grabowski, Benedykt"]
[Black "Urbelz, Ignacio"]
[Result "1-0"]
[WhiteElo "2168"]
[BlackElo "2027"]
[PlyCount "61"]
[EventDate "2016.09.06"]
[EventType "tourn (corr)"]
[EventRounds "6"]
[EventCountry "GER"]
[SourceTitle "Corr 2022"]
[Source "ChessBase"]
[SourceDate "2021.10.24"]
[SourceVersion "1"]
[SourceVersionDate "2021.10.24"]
[SourceQuality "1"]

1. e4 c6 2. d4 d5 3. Nc3 dxe4 4. Nxe4 Bf5 5. Ng3 Bg6 6. h4 h6 7. Nf3 Nd7 8. h5 Bh7 9. Bd3 Bxd3 10. Qxd3 e6 11. Bf4 Ngf6 12. 0-0-0 Be7 13. Kb1 0-0 14. Ne4 Nxe4 15. Qxe4 Nf6 16. Qe2 Qb6 17. c4 Rfd8 18. g4 Nh7 19. Be3 c5 20. dxc5 Bxc5 21. Bxc5 Qxc5 22. Ne5 f6 23. Ng6 Nf8 24. f4 e5 25. g5 Rxd1+ 26. Rxd1 Nxg6 27. hxg6 fxg5 28. fxe5 Re8 29. a4 a5 30. Rd5 Qf8 31. e6 1-0

[Event "LSS No Engine Cup 145 Final"]
[Site "LSS email"]
[Date "2016.09.05"]
[Round "?"]
[White "Urbelz, Ignacio"]
[Black "Sandocal, Uzmir"]
[Result "1/2-1/2"]
[WhiteElo "2027"]
[BlackElo "1765"]
[PlyCount "63"]
[EventDate "2016.09.06"]
[EventType "tourn (corr)"]
[EventRounds "6"]
[EventCountry "GER"]
[SourceTitle "Corr 2022"]
[Source "ChessBase"]
[SourceDate "2021.10.24"]
[SourceVersion "1"]
[SourceVersionDate "2021.10.24"]
[SourceQuality "1"]

1. e4 c5 2. Nf3 Nc6 3. g3 e5 4. Bg2 Nf6 5. d3 d6 6. 0-0 Be7 7. c3 0-0 8. Re1 Be6 9. Nbd2 h6 10. Nf1 Ng4 11. h3 Nf6 12. Ne3 Qd7 13. g4 Rad8 14. a4 Na5 15. c4 Nh7 16. Nf5 Nc6 17. Be3 Rfe8 18. a5 Nf8 19. Qd2 Ng6 20. Kh1 Nb4 21. Bf1 Bf6 22. Be2 Rb8 23. Rg1 Qd8 24. Rg3 Be7 25. g5 h5 26. N3h4 Nxh4 27. Nxh4 g6 28. Bxh5 gxh5 29. Qd1 Kg7 30. Nf5+ Kg6 31. Nh4+ Kg7 32. Nf5+ 1/2-1/2

[Event "LSS No Engine Cup 142 Final"]
[Site "LSS email"]
[Date "2016.06.10"]
[Round "?"]
[White "Sabbatini, Giuseppe"]
[Black "Urbelz, Ignacio"]
[Result "1/2-1/2"]
[WhiteElo "2121"]
[BlackElo "2044"]
[PlyCount "118"]
[EventDate "2016.06.11"]
[EventType "tourn (corr)"]
[EventRounds "6"]
[EventCountry "GER"]
[SourceTitle "Corr 2022"]
[Source "ChessBase"]
[SourceDate "2021.10.24"]
[SourceVersion "1"]
[SourceVersionDate "2021.10.24"]
[SourceQuality "1"]

1. e4 c6 2. d4 d5 3. e5 c5 4. c3 Nc6 5. Be2 Bf5 6. Nf3 e6 7. 0-0 cxd4 8. cxd4 Nge7 9. a3 Nc8 10. Qb3 Nb6 11. h3 Be7 12. Bd3 Bg6 13. Bxg6 hxg6 14. Qd3 Rc8 15. b3 0-0 16. Bd2 a5 17. Nc3 Na7 18. Nb5 Nc6 19. a4 Nb4 20. Qe2 Na8 21. Na7 Rb8 22. Rac1 Nc7 23. Bxb4 Bxb4 24. Rc2 Ra8 25. Nb5 Nxb5 26. Qxb5 Rb8 27. g3 Re8 28. Rfc1 Re7 29. Ne1 Rd7 30. Kg2 b6 31. Rc6 Rdb7 32. Nd3 Ba3 33. R1c2 g5 34. b4 Bxb4 35. Nxb4 axb4 36. Qxb4 Ra7 37. Qa3 Qf8 38. Qb3 Qe8 39. R2c3 Raa8 40. Qb5 Ra5 41. Qb4 Rba8 42. Rc7 Rxa4 43. Qxb6 Rb8 44. Qd6 Rd8 45. Qc5 Raa8 46. Rc2 Qf8 47. Qc3 Re8 48. Qe3 f6 49. Rb7 Re7 50. Rb6 Rae8 51. Rc1 Qf7 52. exf6 gxf6 53. Rcc6 Kg7 54. Qe2 Qg8 55. Ra6 Kf7 56. g4 Qh7 57. Qe3 Qg6 58. Rab6 Qh7 59. Rd6 Qg6 1/2-1/2

[Event "LSS No Engine Cup 139 Final"]
[Site "LSS email"]
[Date "2016.05.07"]
[Round "?"]
[White "Urbelz, Ignacio"]
[Black "Kocian, Stefan"]
[Result "1-0"]
[WhiteElo "2044"]
[BlackElo "1459"]
[PlyCount "31"]
[EventDate "2016.05.08"]
[EventType "tourn (corr)"]
[EventRounds "6"]
[EventCountry "GER"]
[SourceTitle "Corr 2022"]
[Source "ChessBase"]
[SourceDate "2021.10.24"]
[SourceVersion "1"]
[SourceVersionDate "2021.10.24"]
[SourceQuality "1"]

1. e4 c5 2. Nf3 d6 3. d3 Nc6 4. g3 e5 5. Bg2 g6 6. c3 Bg7 7. 0-0 Nf6 8. Bg5 0-0 9. Na3 Be6 10. Nc4 b5 11. Ne3 h6 12. Bxf6 Bxf6 13. Nd5 Bxd5 14. exd5 Ne7 15. Nd2 Rb8 16. a4 1-0

[Event "LSS No Engine Cup 139 Final"]
[Site "LSS email"]
[Date "2016.05.07"]
[Round "?"]
[White "Vysotskiy, Evgeniy"]
[Black "Urbelz, Ignacio"]
[Result "1/2-1/2"]
[WhiteElo "2014"]
[BlackElo "2044"]
[PlyCount "86"]
[EventDate "2016.05.08"]
[EventType "tourn (corr)"]
[EventRounds "6"]
[EventCountry "GER"]
[SourceTitle "Corr 2022"]
[Source "ChessBase"]
[SourceDate "2021.10.24"]
[SourceVersion "1"]
[SourceVersionDate "2021.10.24"]
[SourceQuality "1"]

1. e4 c6 2. Nf3 d5 3. e5 Bf5 4. d4 c5 5. dxc5 Nc6 6. Nd4 Bd7 7. Nxc6 bxc6 8. Qd4 e6 9. Nd2 Ne7 10. Nf3 Nf5 11. Qc3 Be7 12. Bd2 0-0 13. Bd3 a5 14. 0-0 Bc8 15. Rfe1 h6 16. h3 Qc7 17. a3 Nh4 18. Nd4 Ba6 19. b4 Bxd3 20. cxd3 Ng6 21. f4 axb4 22. axb4 Nh4 23. Ra5 Rxa5 24. bxa5 Ra8 25. Rb1 Nf5 26. Nxf5 exf5 27. Rb6 Bd8 28. Qb4 Qc8 29. Qa4 Ra6 30. d4 g6 31. Rxa6 Qxa6 32. Qa1 Kf8 33. Qf1 Qb7 34. Bc3 Qa7 35. a6 Ke8 36. g3 Kd7 37. Qa1 Be7 38. Kg2 Bd8 39. Qa4 Be7 40. Kf3 h5 41. Be1 Bd8 42. Qa3 Bc7 43. Kf2 Bd8 1/2-1/2

[Event "LSS No Engine Cup 149 Preliminary 0"]
[Site "LSS email"]
[Date "2016.03.03"]
[Round "?"]
[White "Martinez, Mari"]
[Black "Urbelz, Ignacio"]
[Result "0-1"]
[WhiteElo "1600"]
[BlackElo "1996"]
[PlyCount "42"]
[EventDate "2016.03.04"]
[EventType "tourn (corr)"]
[EventRounds "6"]
[EventCountry "GER"]
[SourceTitle "Corr 2022"]
[Source "ChessBase"]
[SourceDate "2021.10.24"]
[SourceVersion "1"]
[SourceVersionDate "2021.10.24"]
[SourceQuality "1"]

1. e4 c6 2. d4 d5 3. exd5 cxd5 4. c4 Nf6 5. Nc3 Nc6 6. Nf3 Bg4 7. cxd5 Nxd5 8. Be2 e6 9. 0-0 Bb4 10. Nxd5 Qxd5 11. Be3 0-0 12. Qb3 Qxb3 13. axb3 Rfd8 14. Rfd1 Ne7 15. h3 Bh5 16. g3 Nd5 17. Bd2 a5 18. g4 Bg6 19. Bc4 Be4 20. Ng5 Bc2 21. Bxb4 Bxd1 0-1

[Event "LSS No Engine Cup 149 Preliminary 0"]
[Site "LSS email"]
[Date "2016.03.03"]
[Round "?"]
[White "Selmeczi, Jozsef"]
[Black "Urbelz, Ignacio"]
[Result "1/2-1/2"]
[WhiteElo "2049"]
[BlackElo "1996"]
[PlyCount "86"]
[EventDate "2016.03.04"]
[EventType "tourn (corr)"]
[EventRounds "6"]
[EventCountry "GER"]
[SourceTitle "Corr 2022"]
[Source "ChessBase"]
[SourceDate "2021.10.24"]
[SourceVersion "1"]
[SourceVersionDate "2021.10.24"]
[SourceQuality "1"]

1. d4 f5 2. g3 Nf6 3. Bg2 e6 4. c4 d5 5. Nf3 c6 6. Nc3 Bd6 7. Qb3 0-0 8. 0-0 Nbd7 9. Bg5 Qe8 10. e3 Ne4 11. Bf4 Be7 12. Rfc1 Nb6 13. Nxe4 fxe4 14. Nd2 Qh5 15. h4 Rf7 16. a4 Nd7 17. Bh3 e5 18. Bxd7 exf4 19. Be8 fxg3 20. fxg3 Bd6 21. cxd5 Bxg3 22. Bxf7+ Qxf7 23. Nxe4 Bh3 24. Rc2 Bxh4 25. Nc5 Qg6+ 26. Kh1 b6 27. dxc6+ Kh8 28. Qd3 Qh5 29. e4 Bg4 30. Rf1 bxc5 31. Rxc5 Qh6 32. Kg1 Qg6 33. Kh1 Be7 34. Rc3 Bb4 35. Rc2 Re8 36. c7 Rc8 37. Rff2 Bd6 38. Rc3 Be6 39. Qf3 Qh6+ 40. Kg2 Rxc7 41. e5 Qg6+ 42. Qg3 Qe4+ 43. Qf3 Qg6+ 1/2-1/2

[Event "LSS No Engine Cup 149 Preliminary 0"]
[Site "LSS email"]
[Date "2016.03.03"]
[Round "?"]
[White "Urbelz, Ignacio"]
[Black "Nistri, Paolo"]
[Result "1-0"]
[WhiteElo "1996"]
[BlackElo "1444"]
[PlyCount "55"]
[EventDate "2016.03.04"]
[EventType "tourn (corr)"]
[EventRounds "6"]
[EventCountry "GER"]
[SourceTitle "Corr 2022"]
[Source "ChessBase"]
[SourceDate "2021.10.24"]
[SourceVersion "1"]
[SourceVersionDate "2021.10.24"]
[SourceQuality "1"]

1. e4 e6 2. d3 d5 3. Nd2 c5 4. Ngf3 Nc6 5. g3 Bd6 6. Bg2 Nge7 7. 0-0 0-0 8. Re1 Qc7 9. c3 Bd7 10. Qe2 f6 11. a3 a5 12. a4 d4 13. Nc4 e5 14. Nh4 Rfb8 15. Nxd6 Qxd6 16. f4 b5 17. axb5 Rxb5 18. Nf5 Nxf5 19. exf5 Re8 20. Be4 h6 21. Qh5 Reb8 22. fxe5 Nxe5 23. c4 Rb3 24. Rxa5 Nxd3 25. Bxd3 Rxd3 26. Bf4 Qb6 27. Re7 Qxa5 28. Qf7+ 1-0

[Event "LSS No Engine Cup 129 Final"]
[Site "LSS email"]
[Date "2016.01.04"]
[Round "?"]
[White "Herzog, Agnes"]
[Black "Urbelz, Ignacio"]
[Result "0-1"]
[WhiteElo "2097"]
[BlackElo "1975"]
[PlyCount "34"]
[EventDate "2016.01.05"]
[EventType "tourn (corr)"]
[EventRounds "6"]
[EventCountry "GER"]
[SourceTitle "Corr 2022"]
[Source "ChessBase"]
[SourceDate "2021.10.24"]
[SourceVersion "1"]
[SourceVersionDate "2021.10.24"]
[SourceQuality "1"]

1. e4 c6 2. d4 d5 3. exd5 cxd5 4. c4 Nf6 5. Nc3 Nc6 6. Nf3 Bg4 7. Be2 e6 8. 0-0 dxc4 9. h3 Bh5 10. Bxc4 Be7 11. d5 exd5 12. Nxd5 Nxd5 13. Bxd5 0-0 14. Be3 Bg6 15. Bxc6 bxc6 16. Ne5 Qc7 17. Re1 Qxe5 0-1

[Event "LSS No Engine Cup 129 Final"]
[Site "LSS email"]
[Date "2016.01.04"]
[Round "?"]
[White "Urbelz, Ignacio"]
[Black "Stadler, Pavel"]
[Result "1/2-1/2"]
[WhiteElo "1975"]
[BlackElo "1930"]
[PlyCount "78"]
[EventDate "2016.01.05"]
[EventType "tourn (corr)"]
[EventRounds "6"]
[EventCountry "GER"]
[SourceTitle "Corr 2022"]
[Source "ChessBase"]
[SourceDate "2021.10.24"]
[SourceVersion "1"]
[SourceVersionDate "2021.10.24"]
[SourceQuality "1"]

1. e4 e5 2. Nf3 Nc6 3. Bb5 a6 4. Ba4 Nf6 5. 0-0 Be7 6. Re1 b5 7. Bb3 0-0 8. c3 d5 9. exd5 Nxd5 10. Nxe5 Nxe5 11. Rxe5 c6 12. d4 Bd6 13. Re1 Qh4 14. g3 Qh3 15. Re4 g5 16. Qe1 Bf5 17. Nd2 h6 18. Re2 Bd3 19. Bxd5 Bxe2 20. Bg2 Qh5 21. Ne4 Be7 22. h3 Bd3 23. g4 Qg6 24. Qe3 Bc4 25. Nd2 Bd6 26. Nxc4 bxc4 27. Be4 Qf6 28. Kg2 Rfe8 29. b3 cxb3 30. axb3 a5 31. Qd3 Bc7 32. c4 Rad8 33. Be3 Bb6 34. Rd1 Re6 35. Bf3 Red6 36. d5 Bxe3 37. Qxe3 cxd5 38. Bxd5 Kg7 39. Rd3 R6d7 1/2-1/2

[Event "LSS No Engine Cup 144 Preliminary 0"]
[Site "LSS email"]
[Date "2015.12.08"]
[Round "?"]
[White "Palla, Vit"]
[Black "Urbelz, Ignacio"]
[Result "0-1"]
[WhiteElo "1361"]
[BlackElo "1962"]
[PlyCount "46"]
[EventDate "2015.12.09"]
[EventType "tourn (corr)"]
[EventRounds "6"]
[EventCountry "GER"]
[SourceTitle "Corr 2022"]
[Source "ChessBase"]
[SourceDate "2021.10.24"]
[SourceVersion "1"]
[SourceVersionDate "2021.10.24"]
[SourceQuality "1"]

1. e4 c6 2. d4 d5 3. e5 Bf5 4. f4 e6 5. Nf3 c5 6. Bb5+ Nc6 7. 0-0 Qb6 8. Bxc6+ bxc6 9. c3 Ne7 10. dxc5 Qxc5+ 11. Nd4 Qb6 12. b4 Qa6 13. Nd2 c5 14. Nxf5 Nxf5 15. Qf3 cxb4 16. c4 Rc8 17. cxd5 Bc5+ 18. Kh1 Ne3 19. Nb3 Qxf1+ 20. Qxf1 Nxf1 21. Nxc5 Rxc5 22. Kg1 Nxh2 23. Kxh2 Rxd5 0-1

[Event "LSS No Engine Cup 144 Preliminary 0"]
[Site "LSS email"]
[Date "2015.12.08"]
[Round "?"]
[White "Urbelz, Ignacio"]
[Black "Pech, Stepan"]
[Result "1/2-1/2"]
[WhiteElo "1962"]
[BlackElo "1662"]
[PlyCount "70"]
[EventDate "2015.12.09"]
[EventType "tourn (corr)"]
[EventRounds "6"]
[EventCountry "GER"]
[SourceTitle "Corr 2022"]
[Source "ChessBase"]
[SourceDate "2021.10.24"]
[SourceVersion "1"]
[SourceVersionDate "2021.10.24"]
[SourceQuality "1"]

1. Nf3 Nf6 2. g3 g6 3. Bg2 Bg7 4. 0-0 0-0 5. d3 d5 6. Nbd2 c5 7. e4 Nc6 8. Re1 dxe4 9. dxe4 Qc7 10. c3 Rd8 11. Qc2 Ng4 12. Nc4 Nge5 13. Nfxe5 Nxe5 14. Nxe5 Bxe5 15. f4 Bg7 16. e5 Be6 17. Be3 Rac8 18. Bf3 Bd5 19. Bxd5 Rxd5 20. c4 Rd7 21. a3 b6 22. Rad1 Rcd8 23. Rxd7 Qxd7 24. b4 cxb4 25. axb4 Bf8 26. c5 bxc5 27. bxc5 Qc6 28. Qa2 e6 29. Qa5 Rd3 30. Bf2 h5 31. Qb4 Kg7 32. Qc4 Rd2 33. Rf1 Be7 34. h4 Bd8 35. Qb3 a5 1/2-1/2

[Event "LSS No Engine Cup 142 Preliminary 0"]
[Site "LSS email"]
[Date "2015.11.10"]
[Round "?"]
[White "Urbelz, Ignacio"]
[Black "Pehl, Ferenc"]
[Result "1-0"]
[WhiteElo "1954"]
[BlackElo "1231"]
[PlyCount "63"]
[EventDate "2015.11.11"]
[EventType "tourn (corr)"]
[EventRounds "6"]
[EventCountry "GER"]
[SourceTitle "Corr 2022"]
[Source "ChessBase"]
[SourceDate "2021.10.24"]
[SourceVersion "1"]
[SourceVersionDate "2021.10.24"]
[SourceQuality "1"]

1. e4 e6 2. d3 d5 3. Nd2 dxe4 4. dxe4 e5 5. Ngf3 Bd6 6. g3 Nf6 7. Bg2 0-0 8. 0-0 Nc6 9. c3 h6 10. Qc2 Bd7 11. Nc4 Re8 12. Re1 Be6 13. Ne3 Ne7 14. b3 Rb8 15. Bb2 Nd7 16. Rad1 a6 17. Nf5 Bxf5 18. exf5 f6 19. Nd2 Nc8 20. a4 a5 21. Nc4 b6 22. Re2 Re7 23. Red2 Kf8 24. Nxd6 Nxd6 25. Ba3 Kg8 26. Bxd6 cxd6 27. Rxd6 Qc7 28. Qd2 Nc5 29. b4 axb4 30. cxb4 Nb7 31. Rc6 Qd8 32. Qa2+ 1-0

[Event "LSS No Engine Cup 142 Preliminary 0"]
[Site "LSS email"]
[Date "2015.11.10"]
[Round "?"]
[White "Urbelz, Ignacio"]
[Black "Perez, Giorgio"]
[Result "1-0"]
[WhiteElo "1954"]
[BlackElo "1739"]
[PlyCount "53"]
[EventDate "2015.11.11"]
[EventType "tourn (corr)"]
[EventRounds "6"]
[EventCountry "GER"]
[SourceTitle "Corr 2022"]
[Source "ChessBase"]
[SourceDate "2021.10.24"]
[SourceVersion "1"]
[SourceVersionDate "2021.10.24"]
[SourceQuality "1"]

1. e4 c6 2. d3 d5 3. Nd2 g6 4. g3 Bg7 5. Bg2 e5 6. Ngf3 Ne7 7. 0-0 0-0 8. Re1 d4 9. Nc4 Qc7 10. c3 c5 11. cxd4 cxd4 12. Bd2 Nbc6 13. Rc1 Be6 14. b4 Bxc4 15. Rxc4 b5 16. Rc5 Qb6 17. Qc2 Rfc8 18. Bh3 f5 19. exf5 Nxf5 20. Qb3+ Kf8 21. Bxf5 gxf5 22. Ng5 Nd8 23. Nxh7+ Ke7 24. Bg5+ Kd7 25. Bxd8 Qxd8 26. Qf7+ Qe7 27. Rd5+ 1-0

[Event "CP-2015-P-00026"]
[Site "LSS email"]
[Date "2015.09.28"]
[Round "?"]
[White "Mostowik, Daniel"]
[Black "Urbelz, Ignacio"]
[Result "1-0"]
[WhiteElo "2050"]
[BlackElo "1508"]
[PlyCount "69"]
[EventDate "2015.10.01"]
[EventType "tourn (corr)"]
[EventRounds "6"]
[EventCountry "GER"]
[SourceTitle "Corr 2022"]
[Source "ChessBase"]
[SourceDate "2021.10.24"]
[SourceVersion "1"]
[SourceVersionDate "2021.10.24"]
[SourceQuality "1"]

1. e4 c6 2. Nf3 d5 3. exd5 cxd5 4. d4 Nf6 5. c3 Bg4 6. Be2 e6 7. 0-0 Bd6 8. h3 Bh5 9. Bg5 Nbd7 10. Nbd2 0-0 11. Ne5 Bxe2 12. Qxe2 Qb6 13. Rab1 Rac8 14. f4 Qc7 15. Bh4 a6 16. Rbe1 b5 17. a3 Rfe8 18. Qf3 h6 19. Qd3 Rb8 20. Re3 a5 21. Qe2 b4 22. axb4 axb4 23. c4 dxc4 24. Ndxc4 Nd5 25. Rg3 f6 26. Nxd6 Qxd6 27. Qh5 Re7 28. Qxh6 Rf8 29. Rff3 Qc7 30. Rg4 Qc2 31. Kh2 Rc8 32. Nd3 Rf8 33. Qh5 N7b6 34. Rfg3 Nc4 35. Rg6 1-0

[Event "CP-2015-P-00026"]
[Site "LSS email"]
[Date "2015.09.28"]
[Round "?"]
[White "Urbelz, Ignacio"]
[Black "Aberbach Peltzman, Angel Sergio"]
[Result "0-1"]
[WhiteElo "1508"]
[BlackElo "2244"]
[PlyCount "72"]
[EventDate "2015.10.01"]
[EventType "tourn (corr)"]
[EventRounds "6"]
[EventCountry "GER"]
[SourceTitle "Corr 2022"]
[Source "ChessBase"]
[SourceDate "2021.10.24"]
[SourceVersion "1"]
[SourceVersionDate "2021.10.24"]
[SourceQuality "1"]

1. e4 c5 2. Nf3 Nc6 3. g3 g6 4. Bg2 Bg7 5. d3 e6 6. 0-0 Nge7 7. c3 0-0 8. Re1 e5 9. a3 d6 10. b4 h6 11. Be3 b6 12. Nh4 Rb8 13. Nd2 Be6 14. b5 Na5 15. c4 g5 16. Nhf3 f5 17. exf5 Nxf5 18. Ne4 d5 19. Bxg5 hxg5 20. Nfxg5 Bc8 21. cxd5 Qe8 22. h4 Qg6 23. h5 Qe8 24. Rb1 Qe7 25. Nf3 Nb7 26. a4 Nbd6 27. Nxd6 Nxd6 28. h6 Bxh6 29. Nxe5 Qf6 30. Rb2 Rb7 31. Rbe2 Rh7 32. d4 Be3 33. fxe3 Qh6 34. Nf3 Bg4 35. Rb2 Qh5 36. Rf1 Nc4 0-1

[Event "LSS No Engine Cup 139 Preliminary 0"]
[Site "LSS email"]
[Date "2015.09.23"]
[Round "?"]
[White "Sirotkin, Evgenji"]
[Black "Urbelz, Ignacio"]
[Result "1/2-1/2"]
[WhiteElo "1293"]
[BlackElo "1939"]
[PlyCount "90"]
[EventDate "2015.09.24"]
[EventType "tourn (corr)"]
[EventRounds "6"]
[EventCountry "GER"]
[SourceTitle "Corr 2022"]
[Source "ChessBase"]
[SourceDate "2021.10.24"]
[SourceVersion "1"]
[SourceVersionDate "2021.10.24"]
[SourceQuality "1"]

1. d4 f5 2. c4 e6 3. g3 Nf6 4. Bg2 d5 5. Nc3 c6 6. cxd5 exd5 7. Bg5 Bd6 8. Nf3 Nbd7 9. 0-0 0-0 10. Rc1 Qe8 11. Qc2 Ne4 12. Be3 Ndf6 13. Bf4 Bxf4 14. gxf4 Be6 15. Ne5 Nd7 16. f3 Nxe5 17. dxe5 Nxc3 18. Qxc3 Rc8 19. e3 b6 20. Rfd1 c5 21. b3 Qe7 22. Qe1 c4 23. Bf1 b5 24. Qa5 Qc5 25. Kf2 Rc6 26. a3 Rfc8 27. b4 Qb6 28. Qxb6 Rxb6 29. e4 fxe4 30. fxe4 dxe4 31. Ke3 Bf5 32. a4 a6 33. axb5 axb5 34. Rd5 Kf7 35. Bg2 Be6 36. Rc5 Rxc5 37. bxc5 Rc6 38. Kd4 Bf5 39. Kd5 Rc8 40. c6 Ke7 41. Kc5 Rb8 42. c7 Rc8 43. Kxb5 Rxc7 44. Rxc4 Rb7+ 45. Kc5 Rc7+ 1/2-1/2

[Event "LSS No Engine Cup 139 Preliminary 0"]
[Site "LSS email"]
[Date "2015.09.23"]
[Round "?"]
[White "Urbelz, Ignacio"]
[Black "Lonyuk, Bohdan"]
[Result "1-0"]
[WhiteElo "1939"]
[BlackElo "1511"]
[PlyCount "49"]
[EventDate "2015.09.24"]
[EventType "tourn (corr)"]
[EventRounds "6"]
[EventCountry "GER"]
[SourceTitle "Corr 2022"]
[Source "ChessBase"]
[SourceDate "2021.10.24"]
[SourceVersion "1"]
[SourceVersionDate "2021.10.24"]
[SourceQuality "1"]

1. e4 g6 2. Nf3 Bg7 3. g3 d6 4. Bg2 Bg4 5. d3 Nf6 6. 0-0 Qd7 7. Re1 e5 8. Nbd2 Nc6 9. c3 0-0 10. Qc2 Ne7 11. d4 Nc6 12. dxe5 dxe5 13. Nc4 Qe6 14. Ne3 Bxf3 15. Bxf3 Rad8 16. b3 a6 17. Bb2 Nd7 18. Rad1 b5 19. Bg4 Qe8 20. Ba3 Ne7 21. Qd3 f5 22. exf5 Nxf5 23. Bxf8 Bxf8 24. Nxf5 gxf5 25. Qxf5 1-0